الأسس القانونية لرهن الأوراق المالية / (Record no. 67567)
[ view plain ]
| 000 -LEADER | |
|---|---|
| fixed length control field | 03628nam a2200457 i 4500 |
| 003 - CONTROL NUMBER IDENTIFIER | |
| control field | EG-GICUC |
| 005 - أخر تعامل مع التسجيلة | |
| control field | 20260330131215.0 |
| 008 - FIXED-LENGTH DATA ELEMENTS--GENERAL INFORMATION | |
| fixed length control field | 260330s2026 ua |||f m||| 00| 0 ara d |
| 040 ## - CATALOGING SOURCE | |
| Original cataloguing agency | EG-GICUC |
| Transcribing agency | EG-GICUC |
| Modifying agency | EG-GICUC |
| Description conventions | rda |
| Language of cataloging: | ara |
| 041 0# - LANGUAGE CODE | |
| Language code of text/sound track or separate title | ara |
| Language code of summary or abstract | ara |
| Language code of sung or spoken text | ara |
| 049 ## - Acquisition Source | |
| Acquisition Source | إهداء |
| 082 04 - DEWEY DECIMAL CLASSIFICATION NUMBER | |
| Classification number | 347.46 |
| Edition number | 21 |
| 097 ## - Degree | |
| Degree | Ph.D |
| 099 ## - LOCAL FREE-TEXT CALL NUMBER (OCLC) | |
| Local Call Number | Law 05 PHD 2026 |
| 100 0# - MAIN ENTRY--PERSONAL NAME | |
| Authority record control number or standard number | ابراهيم علي سالم زين العابدين |
| Preparation | مؤلف. |
| 245 10 - TITLE STATEMENT | |
| Title | الأسس القانونية لرهن الأوراق المالية / |
| Statement of responsibility, etc. | إعداد عابراهيم علي سالم زين العابدين؛ إشراف الأستاذ الدكتور سامي عبد الباقي محمد صالح. |
| 264 #0 - PRODUCTION, PUBLICATION, DISTRIBUTION, MANUFACTURE, AND COPYRIGHT NOTICE | |
| Place of production, publication, distribution, manufacture | القاهرة: |
| Name of producer, publisher, distributor, manufacturer | كلية الحقوق- جامعة القاهرة، |
| Date of production, publication, distribution, manufacture, or copyright notice | 2026. |
| 300 ## - PHYSICAL DESCRIPTION | |
| Extent | 319 صفحة؛ |
| Dimensions | 25 سم. |
| 336 ## - CONTENT TYPE | |
| Content type term | text |
| Source | rda content |
| 337 ## - MEDIA TYPE | |
| Media type term | Computer |
| Source | rda media |
| 338 ## - CARRIER TYPE | |
| Carrier type term | Online Resource |
| Source | rda carrier |
| 500 ## - General note | |
| General note | FR |
| 502 ## - DISSERTATION NOTE | |
| Dissertation note | أطروحة (دكتوراة)- جامعة القاهرة، كلية الحقوق، قسم القانون التجاري، 2026. |
| 504 ## - BIBLIOGRAPHY, ETC. NOTE | |
| Bibliography, etc. note | ببليوجرافيا: صفحات 294-311 |
| 520 3# - SUMMARY, ETC. | |
| Summary, etc. | تناولت بالدراسة والبحث موضوع رهن الأوراق المالية من محاور مختلفة، حيث تعرضت الماهية هذا العقد، وبيان أهميته، ثم التعرض لمحله وهو الأوراق المالية، وبيان ماهيتها وأنواعها وكيفية تداولها، ومدى قابليتها للرهن، وكيفية إبرام الرهن عليها، حيث تعد شركة مصر للمقاصة والتسوية والحفظ المركزي إحدى آليات سوق رأس المال الجديدة لتطبيق نظام الحفظ المركزي للأوراق المالية، وهو كل نشاط يتناول إبداع وحفظ الأوراق المالية وإجراء المقاصة والتسوية للمراكز المالية الناشئة عن عمليات التداول وقيد حقوق الرهن عليها، ثم استعرضنا الآثار المترتبة على هذا العقد، حيث إن عقد رهن الأوراق المالية من العقود الملزمة للطرفين، وبالتالي فإنه يرتب حقوقا والتزامات على طرفي العقد، كما يرتب آثارا على الغير، ثم الشروط الموضوعية والشكلية اللازمة لقيام عملية رهن الأوراق المالية، وصولاً لطرق انقضاء هذا العقد وكيفية التنفيذ على الأوراق المالية محل العقد. |
| 546 ## - LANGUAGE NOTE | |
| Text Language | النص بالعربية والملخص باللغة الإنجليزية والعربية. |
| 650 04 - SUBJECT ADDED ENTRY--TOPICAL TERM | |
| Topical term or geographic name entry element | القانون التجاري |
| 653 #0 - INDEX TERM--UNCONTROLLED | |
| Uncontrolled term | الحفظ المركزي للأوراق المالية |
| 653 #0 - INDEX TERM--UNCONTROLLED | |
| Uncontrolled term | شركة مصر المقاصة |
| 653 #0 - INDEX TERM--UNCONTROLLED | |
| Uncontrolled term | عقد رهن الأوراق المالية |
| 653 #0 - INDEX TERM--UNCONTROLLED | |
| Uncontrolled term | رهن الأوراق المالية |
| 653 #0 - INDEX TERM--UNCONTROLLED | |
| Uncontrolled term | الأوراق المالية |
| 655 #4 - INDEX TERM--GENRE/FORM | |
| Genre/form data or focus term | رسائل جامعية |
| Geographic subdivision | جامعة القاهرة |
| General subdivision | القانون التجاري |
| 700 0# - ADDED ENTRY--PERSONAL NAME | |
| Personal name | سامي عبد الباقي محمد صالح |
| Relator term | مشرف. |
| 700 0# - ADDED ENTRY--PERSONAL NAME | |
| Personal name | أحمد فاروق وشاحي |
| Relator term | مشرف. |
| 710 2# - ADDED ENTRY--CORPORATE NAME | |
| Corporate name or jurisdiction name as entry element | جامعة القاهرة. |
| Subordinate unit | كلية الحقوق |
| 856 ## - ELECTRONIC LOCATION AND ACCESS | |
| Uniform Resource Identifier | <a href="https://fll.law.cu.edu.eg/fulltext/th/T05-02871.pdf">https://fll.law.cu.edu.eg/fulltext/th/T05-02871.pdf</a> |
| 900 ## - Thesis Information | |
| Grant date | 2026 |
| Universities | جامعة القاهرة |
| Faculties | كلية الحقوق |
| Department | قسم القانون التجاري |
| 905 ## - Cataloger and Reviser Names | |
| Cataloger Name: | Hoda |
| 942 ## - ADDED ENTRY ELEMENTS (KOHA) | |
| Source of classification or shelving scheme | Dewey Decimal Classification |
| Koha item type | Thesis |
| Edition | 21 |
| Suppress in OPAC | No |
| Source of classification or shelving scheme | Collection | Home library | Current library | Date acquired | Full call number | Barcode | Date last seen | Copy number | Effective from | Koha item type |
|---|---|---|---|---|---|---|---|---|---|---|
| Dewey Decimal Classification | القانون التجاري | جــــامعة القــاهرة | مكتبة كلية الحقوق - المبنى الرئيسي | 30.03.2026 | Law1 05 PHD 2026 0502871 C1 | T05-02871 | 30.03.2026 | 1 | 30.03.2026 | Thesis |
| Dewey Decimal Classification | القانون التجاري | جــــامعة القــاهرة | مكتبة كلية الحقوق - المبنى الرئيسي | 30.03.2026 | Law1 05 PHD 2026 0502872 C2 | T05-02872 | 30.03.2026 | 2 | 30.03.2026 | Thesis |
| Dewey Decimal Classification | القانون التجاري | جــــامعة القــاهرة | مكتبة كلية الحقوق - فـرع الشيخ زايد | 30.03.2026 | Law2 05 PHD 2026 0502873 C3 | T05-02873 | 30.03.2026 | 3 | 30.03.2026 | Thesis |